000 01113cam a22002054a 4500
005 20250605164242.0
008 250528s ||||||||||||||||||||||||d
035 _a21366
020 _a9780073378589
040 _aGR-AtMCL
_bgre
_dGR-AtMCL
_eAACR2
245 1 _aEducational Psychology / Fourth Edition
250 _a4th
260 _bMcgraw Hill Book Company,
_c2009
300 _a676
520 _aBehind every famous person is a fabulous teacher. Educational Psychology: A Tool for Effective Teaching, Cognitive and Language Development, Social Contexts and Socioemotional Development, Individual Variations, Sociocultural Diversity, Learners Who Are Exceptional, Behavioral and Social Cognitive Approaches, The Information-Processing Approach, Complex Cognitive Processes, Social Constructivist Approaches, Learning and Cognition in the Content Areas, Planning and Instruction and Technology, Motivation and Teaching and Learning, Managing the Classroom, Standardized Tests and Teaching, Classroom Assessment.
700 1 _aSantrock John W
_94374
942 _cBK
999 _c6430
_d6430